00261nam a22001097a 4500003000400000082001700004100001900021245004000040260004400080300000800124650001900132SGT a617.69bI25A aAtreja, Preeti aImplants in anterior aesthetic zone aGurugram, HaryanabSGT Universityc2025 a145 aProsthodontics